Pouvez-vous Nommer Tous les Pays de Moins de 100 000 Habitants ? - Statistiques

Statistiques générales
  • Ce quiz a été pris 312 fois
  • Le résultat moyen est 10 sur 13
Statistiques - réponses
Indice Réponse % Correct
Population:801 Vatican
95%
Population:39,242 Monaco
91%
Population:77,265 Andorre
90%
Population:38,128 Liechtenstein
86%
Population:33,931 Saint-Marin
86%
Population:10,824 Nauru
76%
Population:11,792 Tuvalu
74%
Population:59,190 Îles Marshall
66%
Population:53,199 Saint-Christophe- et-Niévès
66%
Population:18,094 Palaos
64%
Population:97,929 Antigua-et-Barbuda
57%
Population:71,986 Dominique
56%
Population:98,347 Seychelles
49%
Aucun quiz correspondant
Distribution des résultats
% des personnes avec chaque résultat
Percentile par nombre de réponses
Votre historique - résultats
Vous n’avez pas pris ce quiz